|
|
|
|
| LEADER |
00000nab a2200000 a 4500 |
| 001 |
vtls001006517 |
| 003 |
SK-MaSNL |
| 005 |
20260304182135.0 |
| 008 |
040720e19990921xo 0 slo |
| 035 |
|
|
|a RV7117
|
| 040 |
|
|
|a RVGKPD
|b slo
|c RVGKPD
|e AACR2
|
| 041 |
0 |
|
|a slo
|
| 044 |
|
|
|a xo
|c SK
|
| 080 |
|
|
|a 027.53
|2 1981
|
| 100 |
0 |
|
|a (LRs)
|4 aut
|9 1027145
|
| 245 |
1 |
0 |
|a Ročné Litokruhy
|
| 610 |
2 |
7 |
|a Litokruhy (klub literárny)
|2 RVGKPD
|9 1512924
|
| 610 |
2 |
7 |
|a Gemerská knižnica Pavla Dobšinského v Rožňave
|2 RVGKPD
|9 33804
|
| 651 |
|
7 |
|a Rožňava (Slovensko)
|2 RVGKPD
|9 17394
|
| 773 |
0 |
8 |
|t Zora Gemera
|g Roč. 7, č.38, 21.9.1999, s. 1
|
| 852 |
|
|
|a ZVYKNI
|b KIS3GCP
|
| 999 |
|
|
|c 3027770
|d 3029700
|